Převody automobilu

Bibliographic Details
Main Author: Kozák, Ferdinand (Author)
Format: Book
Language:Undetermined
PhysicalDescription:125 s.
Published: Praha Státní pedagogické nakladatelství 1952

MARC

LEADER 00000nam a2200000 a 4500
001 vtls001425263
003 SK-MaSNL
005 20260416165331.0
008 240318s1952 xx 0 und
035 |a SNK000380156 
040 |a SNK  |b slo  |c SNK  |e AACR2 
100 1 |a Kozák, Ferdinand  |4 aut  |9 346302 
245 1 0 |a Převody automobilu 
260 |a Praha  |b Státní pedagogické nakladatelství  |c 1952 
300 |a 125 s. 
999 |c 899339  |d 901269 
952 |t P60, <04>, [BOOK], {604}  |a SNK  |b SNK  |y VYP  |7 0  |p 17A0323177  |o snkID 9383  |0 0  |1 0  |4 0  |d 2001-11-27  |l 0  |r 2005-01-02 00:00:00  |w 2026-02-24